| Tag |
First Indicator |
Second Indicator |
Subfields |
| LEADER |
00000cam a2200000Ma 4500 |
| 001 |
in00003503321 |
| 006 |
m o d |
| 007 |
cr cn||||||||| |
| 008 |
960426s2002 nyu ob 001 0 eng d |
| 005 |
20260420220351.7 |
| 019 |
|
|
|a 488383190
|a 517830748
|a 614547257
|a 647293430
|
| 020 |
|
|
|z 0306452405
|
| 035 |
|
|
|a (OCoLC)55664063
|z (OCoLC)488383190
|z (OCoLC)517830748
|z (OCoLC)614547257
|z (OCoLC)647293430
|
| 040 |
|
|
|a CSL
|b eng
|e pn
|c CSL
|d OCLCQ
|d DKDLA
|d ADU
|d E7B
|d OCLCO
|d OCLCQ
|d OCLCF
|d OCLCQ
|d UtOrBLW
|
| 049 |
|
|
|a TXAM
|
| 050 |
|
4 |
|a R724
|b .L64 2002eb
|
| 082 |
0 |
4 |
|a 174/.2
|2 20
|
| 100 |
1 |
|
|a Loewy, Erich H.
|
| 245 |
1 |
0 |
|a Textbook of healthcare ethics /
|c Erich H. Loewy.
|
| 246 |
3 |
|
|a Textbook of health care ethics
|
| 264 |
|
1 |
|a New York :
|b Kluwer Academic,
|c [2002]
|
| 264 |
|
4 |
|c ©2002
|
| 300 |
|
|
|a 1 online resource (xvi, 327 pages)
|
| 336 |
|
|
|a text
|b txt
|2 rdacontent
|
| 337 |
|
|
|a computer
|b c
|2 rdamedia
|
| 338 |
|
|
|a online resource
|b cr
|2 rdacarrier
|
| 504 |
|
|
|a Includes bibliographical references and index.
|
| 588 |
|
|
|a Description based on print version record.
|
| 500 |
|
|
|a Electronic resource.
|
| 650 |
|
0 |
|a Medical ethics.
|
| 650 |
|
0 |
|a Bioethics.
|
| 650 |
|
7 |
|a Bioethics.
|2 fast
|0 (OCoLC)fst00832038
|
| 650 |
|
7 |
|a Medical ethics.
|2 fast
|0 (OCoLC)fst01014081
|
| 655 |
|
7 |
|a Electronic books.
|2 local
|
| 700 |
1 |
|
|a Loewy, Erich H.
|t Textbook of medical ethics.
|
| 710 |
2 |
|
|a SpringerLink (Online service)
|
| 776 |
1 |
8 |
|i Print version:
|a Loewy, Erich H.
|t Textbook of healthcare ethics.
|d New York : Kluwer Academic, ©2002
|w (DLC) 96020314
|
| 856 |
4 |
0 |
|u http://proxy.library.tamu.edu/login?url=https://link.springer.com/10.1007/0-306-46801-8
|z Connect to the full text of this electronic book
|t 0
|
| 994 |
|
|
|a 92
|b TXA
|
| 999 |
|
|
|a MARS
|
| 999 |
f |
f |
|s 00c0fe29-e41c-3073-8a2a-e45676c43f1d
|i 60f0fd4d-7bf1-3e85-850e-c836328ab65f
|t 0
|
| 952 |
f |
f |
|a Texas A&M University
|b College Station
|c Electronic Resources
|s www_evans
|d Available Online
|t 0
|e R724 .L64 2002eb
|h Library of Congress classification
|
| 998 |
f |
f |
|a R724 .L64 2002eb
|t 0
|l Available Online
|